Development of a virtual system with sele-optimizing principle for smart manufacturing : Doctor of philosophy - Major: Mechanical and Automative engineering
Spremljeno u:
| Glavni autor: | |
|---|---|
| Format: | Luận văn |
| Jezik: | Undetermined |
| Izdano: |
Ulsan University
2014
|
| Teme: | |
| Oznake: |
Dodaj oznaku
Bez oznaka, Budi prvi tko označuje ovaj zapis!
|
| Thư viện lưu trữ: | Trung tâm Thư viện - Trường Đại học Công nghiệp TP. Hồ Chí Minh |
|---|
| LEADER | 00653nam a2200157Ia 4500 | ||
|---|---|---|---|
| 001 | UIH_01910 | ||
| 008 | 230809s9999 xx 000 0 und d | ||
| 082 | |a 621.8 | ||
| 100 | |a Lê, Ngọc Trân | ||
| 245 | 0 | |a Development of a virtual system with sele-optimizing principle for smart manufacturing : Doctor of philosophy - Major: Mechanical and Automative engineering | |
| 245 | 0 | |c Lê, Ngọc Trân | |
| 260 | |b Ulsan University | ||
| 260 | |c 2014 | ||
| 650 | |a Công nghệ cơ khí;Tự động hóa;Automotive engineering | ||
| 927 | |a Luận văn | ||
| 980 | |a Trung tâm Thư viện - Trường Đại học Công nghiệp TP. Hồ Chí Minh | ||